Name Every Bustard - Statistics

General Stats
  • This quiz has been taken 4 times
  • The average score is 9 of 26
Answer Stats
Genus Species % Correct
Kori Bustard
100%
Otis Great Bustard
75%
Chlamydotis African Houbara
50%
Ardeotis Arabian Bustard
50%
Asian Houbara
50%
Houbaropsis Bengal Florican
50%
Afrotis Black Bustard
50%
Blue Bustard
50%
Great Indian Bustard
50%
Sypheotides Lesser Florican
50%
Tetrax Little Bustard
50%
Nubian Bustard
50%
White-quilled Bustard
50%
Lissotis Black-bellied Bustard
25%
Buff-crested Bustard
25%
Little Brown Bustard
25%
Red-crested Bustard
25%
Eupodotis White-bellied Bustard
25%
Australian Bustard
0%
Denham's Bustard
0%
Hartlaub's Bustard
0%
Heuglin's Bustard
0%
Heterotetrax Karoo Bustard
0%
Neotis Ludwig's Bustard
0%
Ruppell's Bustard
0%
Lophotis Savile's Bustard
0%
No matching quizzes found
Score Distribution
Percent of People with Each Score
Percentile by Number Answered
Your Score History
You have not taken this quiz